| 000 | 00000nas##2200000za#4500 |
|---|---|
| 001 | 9.504484 |
| 003 | CaOODSP |
| 005 | 20200325082609 |
| 007 | cr ||||||||||| |
| 008 | 150406c2001||||xxc|| m o||||f| |0eng|d |
| 040 | |aCaOODSP|beng |
| 043 | |an-cn--- |
| 086 | 1 |aPF3-2E-PDF |
| 110 | 1 |aCanada.|bCanada Information Office. |
| 245 | 10|aFacts on Canada |h[electronic resource] |
| 260 | |aOttawa - Ontario : |bCanada Information Office |
| 775 | 08|tLe Canada en faits |w(CaOODSP)9.502102 |